1434 1834 1627 1009 1013 1504 1443 1098 1576 1700 1593 1464 1052 1812 1784 1524 1656 1489 1910 1972 1463 1842 1144 1931 1396 1009 1878 1116 1047 2000 1144 1047 1881 1083 1035 1713 1531 1405 1495 1396 1966 1880 1880 1773 1925 1757 1296 1869 1341 1968 1006 1875 1235 1213 1617 1621 1015 1426 1496 1822 1971 1488 1383 1443 1308 1101 1090 1853 1256 1055 1675 1455 1176 1585 1078 1092 1985 1315 1937 1092 1169 1559 1169 1585 1478 1299 1316 1843 1635 1165 1835 1763 1839 1187 1838 1020 1474 1265 1992 BCNSPRNW ULIB Ver.6.0+V

เปลี่ยนเป็นภาษาไทย

Change to English
 แสดงรายละเอียดบรรณานุกรม
  กลับหน้าหลัก

Brief Record : Get Marc (ISO 2709) : E-mail record : QR code < ปิดหน้าต่าง
LEADER : 00000nam 2200000uu 4500
001    13399112739
003     ULIB
008    110907s2547||||th 000 0 tha d
050 04 LB1027^bส816ก 2547
100 0  สุนันทา สุนทรประเสริฐ
245 10 การสร้างสื่อการสอนและนวัตกรรมการเรียนรู้สู่...การพัฒนาผู้เรียน/^cสุนันทา สุนทรประเสริฐ
260    กรุงเทพฯ :^bธรรมรักษ์การพิมพ์,^c2547
300    150 หน้า
650  7 นวัตกรรมการเรียนรู้
650  4 สื่อการสอน
945    ^p0^l0^i027334
995    ทศพร
999 ^a ทศพร
รายการนี้ยังไม่มีแท็ก
คุณยังไม่ได้ล็อกอิน คุณสามารถมีกิจกรรมร่วมกับเว็บไซต์ได้ แต่ต้องล็อกอินก่อน ::
  ล็อกอิน

รายการสื่อสารสนเทศ

ลำดับที่ ประเภท เลขเรียก/บาร์โค้ด สถานที่ สถานะ
- ไม่พบข้อมูล -

รายการใกล้เคียง
    ผู้แต่ง [สุนันทา สุนทรประเสริฐ]

    หัวเรื่อง [นวัตกรรมการเรียนรู้]
    หัวเรื่อง [สื่อการสอน]

BibComment


ยังไม่เคยถูกคอมเมนท์

คอมเมนท์ทรัพยากรรายการนี้
  คอมเมนท์: การสร้างสื่อการสอ..


 Copyright 2026. Bcnsprnw @Library